[Event "CYCC U12"]
[Site "Victoria CAN"]
[Date "2005.03.24"]
[Round "1.14"]
[White "Choi, David"]
[Black "Rozybakiyev, Ilchin"]
[Result "0-1"]
[WhiteElo "812"]
[BlackElo "1359"]
[PlyCount "44"]
[GameId "2160767910969087"]
[EventDate "2005.03.24"]
[EventType "swiss"]
[EventRounds "7"]
[EventCountry "CAN"]

1. e4 c5 2. Nf3 Nc6 3. Nc3 e6 4. d4 cxd4 5. Nxd4 e5 6. Nxc6 bxc6 7. Bc4 Nf6 8. Bg5 d6 9. h3 Be7 10. Qe2 O-O 11. O-O-O h6 12. Bh4 Qc7 13. Qe3 Be6 14. Be2 Rab8 15. b3 Rfd8 16. f3 Ne8 17. Bf2 Bg5 18. f4 Bxf4 19. Qxf4 exf4 20. Bh4 g5 21. Bf2 Qa5 22. Bd4 c5 0-1

[Event "CYCC U12"]
[Site "Victoria CAN"]
[Date "2005.03.24"]
[Round "2"]
[White "Culjaga, Marko"]
[Black "Tom, Foster"]
[Result "1-0"]
[WhiteElo "1263"]
[BlackElo "988"]
[PlyCount "91"]
[GameId "2160767910969089"]
[EventDate "2005.03.24"]
[EventType "swiss"]
[EventRounds "7"]
[EventCountry "CAN"]
[SourceTitle "EXT 2006"]
[Source "ChessBase"]
[SourceDate "2005.11.24"]
[SourceVersion "1"]
[SourceVersionDate "2005.11.24"]
[SourceQuality "1"]

1. e4 e6 2. d4 d5 3. Nc3 Bb4 4. exd5 exd5 5. Bd2 Nf6 6. Nf3 O-O 7. a3 Bxc3 8. Bxc3 Re8+ 9. Be2 Bg4 10. O-O Nbd7 11. h3 Bxf3 12. Bxf3 c5 13. dxc5 Nxc5 14. Bxf6 Qxf6 15. Qxd5 Rac8 16. b4 Red8 17. Qh5 Ne6 18. Rfd1 Qg5 19. Rxd8+ Rxd8 20. Qxg5 Nxg5 21. Bxb7 Kf8 22. Re1 Re8 23. Rxe8+ Kxe8 24. Kf1 Kd7 25. Ba6 Kc6 26. Ke2 Ne6 27. a4 Nd4+ 28. Kd2 Kb6 29. Bd3 h6 30. c3 Nc6 31. a5+ Kc7 32. Be4 Ne5 33. Ke3 g6 34. Kd4 Kd6 35. c4 f5 36. c5+ Ke6 37. Bd5+ Kf6 38. b5 g5 39. c6 g4 40. c7 h5 41. c8=Q h4 42. Qe6+ Kg5 43. Kxe5 g3 44. Qxf5+ Kh6 45. Kf6 gxf2 46. Qg6# 1-0

[Event "CYCC U12"]
[Site "Victoria CAN"]
[Date "2005.03.24"]
[Round "2"]
[White "Keith-Jacques, Liam"]
[Black "Choi, David"]
[Result "1-0"]
[WhiteElo "1167"]
[BlackElo "812"]
[PlyCount "44"]
[GameId "2160767910969090"]
[EventDate "2005.03.24"]
[EventType "swiss"]
[EventRounds "7"]
[EventCountry "CAN"]
[SourceTitle "EXT 2006"]
[Source "ChessBase"]
[SourceDate "2005.11.24"]
[SourceVersion "1"]
[SourceVersionDate "2005.11.24"]
[SourceQuality "1"]

1. e4 e5 2. Nf3 Nc6 3. Bb5 Nf6 4. O-O Nxe4 5. Re1 d5 6. d3 Nf6 7. Nxe5 Bd7 8. Nxc6+ Be7 9. Nxd8 Rxd8 10. Qe2 Ng8 11. Bxd7+ Rxd7 12. Bg5 h6 13. Bxe7 Nxe7 14. Nc3 c6 15. Rad1 d4 16. Ne4 O-O 17. Nc5 Rc7 18. Qg4 b6 19. Nd7 Rd8 20. Rxe7 Rdxd7 21. Rxd7 Rc8 22. Rc1 a5 1-0

[Event "CYCC U12"]
[Site "Victoria CAN"]
[Date "2005.03.24"]
[Round "2.1"]
[White "Mai, Lloyd"]
[Black "Raymer, Elliot"]
[Result "0-1"]
[WhiteElo "1955"]
[BlackElo "1481"]
[PlyCount "116"]
[GameId "2160767910969092"]
[EventDate "2005.03.24"]
[EventType "swiss"]
[EventRounds "7"]
[EventCountry "CAN"]

1. e4 e5 2. Nf3 Nc6 3. Bc4 Nf6 4. d3 Bc5 5. c3 d6 6. h3 a6 7. O-O O-O 8. Bb3 Be6 9. Bc2 d5 10. d4 Bd6 11. exd5 Bxd5 12. dxe5 Nxe5 13. Nd4 c5 14. Nf5 Bc7 15. Bg5 Ned7 16. Ne3 Bc6 17. Ng4 Qe7 18. Bxf6 Nxf6 19. Qd3 g6 20. Qe3 Nd5 21. Qxe7 Nxe7 22. Re1 Nd5 23. Be4 Rfe8 24. Nd2 Kg7 25. c4 Nb4 26. Bxc6 Nxc6 27. Ne4 f5 28. Nxc5 fxg4 29. Ne6+ Rxe6 30. Rxe6 gxh3 31. Rd1 Rd8 32. Rxd8 Bxd8 33. gxh3 Kf7 34. Re4 Bf6 35. b3 Ne5 36. Kf1 Nd3 37. Re3 Nf4 38. Rf3 g5 39. Ke1 Ke6 40. Kd2 Bd4 41. b4 Ke5 42. a4 Ke4 43. Rg3 h6 44. f3+ Kf5 45. Kc2 Bf2 46. Rg4 h5 47. Rxf4+ Kxf4 48. Kd3 Kxf3 49. c5 g4 50. Kc4 gxh3 51. Kd5 h2 52. Kd6 h1=Q 53. Kc7 Qh4 54. Kb8 Bg3+ 55. Ka7 Qxb4 56. a5 Qxc5+ 57. Ka8 Qc8+ 58. Ka7 Bf2# 0-1

[Event "CYCC U12"]
[Site "Victoria CAN"]
[Date "2005.03.24"]
[Round "2.2"]
[White "Huang, Richard"]
[Black "Xiong, Jerry"]
[Result "0-1"]
[WhiteElo "1477"]
[BlackElo "1832"]
[PlyCount "126"]
[GameId "2160767910969093"]
[EventDate "2005.03.24"]
[EventType "swiss"]
[EventRounds "7"]
[EventCountry "CAN"]

1. e4 c5 2. Nc3 Nc6 3. g3 d6 4. Bg2 g6 5. d3 Bg7 6. f4 f5 7. Nge2 e5 8. O-O Nge7 9. fxe5 Nxe5 10. Bf4 Qb6 11. Rb1 O-O 12. Bxe5 Bxe5 13. Na4 Qa6 14. c4 Bd7 15. Nac3 Bc6 16. a3 fxe4 17. Bxe4 Bxe4 18. Nxe4 Qc6 19. Qc1 Rxf1+ 20. Qxf1 Nf5 21. Qg2 Rf8 22. Ng5 Qxg2+ 23. Kxg2 Ne3+ 24. Kg1 b6 25. Nh3 Bxb2 26. a4 Be5 27. Nef4 Rf6 28. Re1 Bd4 29. Kh1 h6 30. Ne2 Nc2 31. Rd1 g5 32. Nxd4 Nxd4 33. Kg2 Nc2 34. Kg1 Kf7 35. Nf2 Nb4 36. Ne4 Re6 37. Rf1+ Ke7 38. Rd1 g4 39. Kg2 Nxd3 40. Nc3 Nb2 41. Rf1 Nxc4 42. Nd5+ Kd8 43. Rf8+ Re8 44. Rxe8+ Kxe8 45. Nf6+ Kf7 46. Nxg4 Kg6 47. Nf2 Nb2 48. Ne4 d5 49. Nc3 d4 50. Nb5 d3 51. Nc3 d2 52. Kf3 Nxa4 53. Nd1 c4 54. Ke2 c3 55. Ne3 b5 56. Nc2 Nb2 57. Ne3 a5 58. h3 a4 59. Nd1 Nxd1 60. Kxd1 a3 61. g4 a2 62. h4 a1=Q+ 63. Ke2 d1=Q+ 0-1

[Event "CYCC U12"]
[Site "Victoria CAN"]
[Date "2005.03.24"]
[Round "2.4"]
[White "Wild, Joshua"]
[Black "Szalay, Karoly"]
[Result "1/2-1/2"]
[WhiteElo "1411"]
[BlackElo "1795"]
[PlyCount "96"]
[GameId "2160767910969094"]
[EventDate "2005.03.24"]
[EventType "swiss"]
[EventRounds "7"]
[EventCountry "CAN"]

1. e4 e5 2. Nf3 Nc6 3. d4 exd4 4. Nxd4 Bc5 5. Be3 Qf6 6. f3 Nge7 7. Be2 d6 8. O-O O-O 9. Qd2 h6 10. b4 Bb6 11. Nb5 Rd8 12. Bxb6 cxb6 13. Nc7 Rb8 14. Nd5 Nxd5 15. exd5 Ne7 16. f4 Bf5 17. Na3 Rbc8 18. Rac1 Re8 19. c4 Ng6 20. g3 Nf8 21. Nb5 a6 22. Nd4 Be4 23. Bf3 Bxf3 24. Nxf3 Re4 25. Qd3 Re7 26. Nd4 Rec7 27. Rfe1 b5 28. c5 dxc5 29. bxc5 Rxc5 30. Rxc5 Rxc5 31. Nf5 Nd7 32. Re8+ Kh7 33. Nxh6+ Qg6 34. Qxg6+ fxg6 35. Nf7 g5 36. f5 g6 37. Nxg5+ Kh6 38. Nf7+ Kg7 39. Nd6 Nf8 40. fxg6 Rxd5 41. Nxb7 Nxg6 42. Re2 b4 43. Rc2 Ne7 44. Nc5 a5 45. Na4 Kf7 46. Kf2 Rd3 47. Ke2 Rd6 48. Rd2 Rc6 1/2-1/2

[Event "CYCC U12"]
[Site "Victoria CAN"]
[Date "2005.03.24"]
[Round "2.5"]
[White "Jiang, Louie"]
[Black "Breel, Kevin"]
[Result "0-1"]
[WhiteElo "1731"]
[BlackElo "1374"]
[PlyCount "80"]
[GameId "2160767910969095"]
[EventDate "2005.03.24"]
[EventType "swiss"]
[EventRounds "7"]
[EventCountry "CAN"]

1. e4 c6 2. d4 d5 3. Nc3 dxe4 4. Nxe4 Bf5 5. Ng3 Bg6 6. Nf3 Nd7 7. h4 h6 8. h5 Bh7 9. Bd3 Bxd3 10. Qxd3 Ngf6 11. Bf4 e6 12. O-O-O Be7 13. Kb1 O-O 14. Ne5 Nxe5 15. Bxe5 Ng4 16. Qe2 Nxe5 17. dxe5 Qb6 18. Qf3 Rad8 19. Ne4 f5 20. exf6 Bxf6 21. Nxf6+ Rxf6 22. Rxd8+ Qxd8 23. Qe3 b6 24. f4 Qd6 25. g3 Qd5 26. Qe1 Rf5 27. Rh2 e5 28. Rd2 Qf7 29. Rd8+ Kh7 30. Qe4 Qxh5 31. a3 exf4 32. gxf4 Qg6 33. Qc4 Qf7 34. Qd3 Qg6 35. Rd6 Rf6 36. Rxf6 Qxd3 37. cxd3 gxf6 38. Kc1 Kg6 39. b4 Kf5 40. d4 Ke4 0-1

[Event "CYCC U12"]
[Site "Victoria CAN"]
[Date "2005.03.24"]
[Round "2.6"]
[White "Rozybakiyev, Ilchin"]
[Black "Yam, Richard"]
[Result "0-1"]
[WhiteElo "1359"]
[BlackElo "1718"]
[PlyCount "69"]
[GameId "2160767910969096"]
[EventDate "2005.03.24"]
[EventType "swiss"]
[EventRounds "7"]
[EventCountry "CAN"]

1. e4 e6 2. d4 d5 3. e5 c5 4. c3 Qb6 5. Nf3 Nc6 6. Be2 Nge7 7. Bd3 Bd7 8. Bc2 Rc8 9. O-O cxd4 10. cxd4 Nb4 11. Nc3 Nxc2 12. Qxc2 Nf5 13. Be3 Bb4 14. a3 Bxc3 15. bxc3 Qa5 16. Rfc1 O-O 17. Nd2 Bb5 18. Nb3 Qa4 19. Nc5 Qxc2 20. Rxc2 b6 21. Nb7 Rc7 22. Nd6 Nxd6 23. exd6 Rc4 24. Rac1 Rfc8 25. Rb2 Bd7 26. Rb3 Kf8 27. Kf1 Ke8 28. Ke2 Ba4 29. Rb4 Kd7 30. Rxc4 Rxc4 31. Bf4 f6 32. Bg3 Bb5 33. Kd2 Ra4 34. Ra1 Bc4 35. Ra2 0-1

[Event "CYCC U12"]
[Site "Victoria CAN"]
[Date "2005.03.24"]
[Round "2.7"]
[White "MacKinnon, Keith"]
[Black "Miller, Ben"]
[Result "1-0"]
[WhiteElo "1661"]
[BlackElo "847"]
[PlyCount "41"]
[GameId "2160767910969097"]
[EventDate "2005.03.24"]
[EventType "swiss"]
[EventRounds "7"]
[EventCountry "CAN"]

1. e4 e6 2. d3 d5 3. Nd2 c6 4. Ngf3 dxe4 5. dxe4 Bb4 6. c3 Bc5 7. Qc2 Nf6 8. Bd3 Ng4 9. O-O f5 10. exf5 exf5 11. Bxf5 Bxf5 12. Qxf5 Bxf2+ 13. Kh1 g6 14. Qxg4 Be3 15. Re1 h5 16. Qxg6+ Kf8 17. Ne5 Qd5 18. Qf6+ Kg8 19. Rxe3 Nd7 20. Rg3+ Kh7 21. Rg7# 1-0

[Event "CYCC U12"]
[Site "Victoria CAN"]
[Date "2005.03.24"]
[Round "2.8"]
[White "Zhang, Brent"]
[Black "Landry, Francois Guillaume"]
[Result "1-0"]
[WhiteElo "1558"]
[BlackElo "1151"]
[PlyCount "52"]
[GameId "2160767910969098"]
[EventDate "2005.03.24"]
[EventType "swiss"]
[EventRounds "7"]
[EventCountry "CAN"]

1. e4 b6 2. d4 Bb7 3. d5 e6 4. c4 g6 5. Nc3 Bg7 6. Be3 c5 7. Qd2 Nf6 8. f3 exd5 9. cxd5 d6 10. Bb5+ Nbd7 11. Nge2 a6 12. Bxd7+ Qxd7 13. a4 O-O 14. Bh6 b5 15. a5 b4 16. Na4 Qb5 17. Bxg7 Kxg7 18. Nb6 Rad8 19. b3 Nd7 20. Nc4 Ne5 21. Qb2 f6 22. Nf4 Bc8 23. Nxe5 fxe5 24. Ne2 g5 25. h3 h5 26. Qd2 h4 1-0

[Event "CYCC U12"]
[Site "Victoria CAN"]
[Date "2005.03.24"]
[Round "2.9"]
[White "Greber, Carter"]
[Black "Gupta, Udit"]
[Result "0-1"]
[WhiteElo "1331"]
[BlackElo "1283"]
[PlyCount "64"]
[GameId "2160767910969099"]
[EventDate "2005.03.24"]
[EventType "swiss"]
[EventRounds "7"]
[EventCountry "CAN"]

1. d4 d5 2. c4 c6 3. cxd5 cxd5 4. Nc3 Nf6 5. Bg5 e6 6. Nf3 Nc6 7. e3 Be7 8. Bxf6 Bxf6 9. Bd3 a6 10. O-O O-O 11. Bc2 Re8 12. h3 b5 13. Qd3 g6 14. Rfe1 Nb4 15. Qd2 Nxc2 16. Qxc2 Bb7 17. Rad1 Rc8 18. e4 b4 19. e5 Bg7 20. Qb3 bxc3 21. Qxb7 c2 22. Rc1 Bh6 23. Ra1 c1=Q 24. Raxc1 Bxc1 25. Qxa6 Bxb2 26. a4 Rc1 27. Rxc1 Bxc1 28. Qb5 Qb8 29. Qc6 Rc8 30. Qd7 Bf4 31. Kh1 Rc1+ 32. Ng1 Rxg1+ 0-1

[Event "CYCC U12"]
[Site "Victoria CAN"]
[Date "2005.03.24"]
[Round "2.12"]
[White "Chow, Thomas"]
[Black "Moore, Jeremy"]
[Result "1-0"]
[WhiteElo "1288"]
[BlackElo "863"]
[PlyCount "35"]
[GameId "2160767910969100"]
[EventDate "2005.03.24"]
[EventType "swiss"]
[EventRounds "7"]
[EventCountry "CAN"]

1. d4 e5 2. dxe5 Nc6 3. Nf3 Qe7 4. Bf4 g5 5. Bxg5 Nxe5 6. Bxe7 Bxe7 7. Nxe5 b6 8. Qd5 c6 9. Qxf7+ Kd8 10. Nc3 c5 11. O-O-O Nh6 12. Nc6+ Kc7 13. Qxe7 Ng8 14. Qe5+ Kxc6 15. g3 d6 16. Bg2+ d5 17. Bxd5+ Kd7 18. Bxa8# 1-0

[Event "CYCC U12"]
[Site "Victoria CAN"]
[Date "2005.03.24"]
[Round "2.13"]
[White "Renaud, Joshua"]
[Black "Lacouvee, Connor"]
[Result "0-1"]
[WhiteElo "981"]
[BlackElo "1172"]
[PlyCount "48"]
[GameId "2160767910969102"]
[EventDate "2005.03.24"]
[EventType "swiss"]
[EventRounds "7"]
[EventCountry "CAN"]

1. Nf3 c5 2. c4 Nc6 3. Nc3 Nf6 4. d3 e6 5. Bg5 Be7 6. e4 d6 7. Be2 h6 8. Be3 d5 9. cxd5 exd5 10. Bf4 d4 11. Nb5 Qa5+ 12. Nc3 dxc3 13. bxc3 O-O 14. Bd2 Qc7 15. Bxh6 gxh6 16. c4 Qa5+ 17. Nd2 Rd8 18. O-O Ne5 19. Nb3 Qc7 20. Qc2 Bg4 21. f3 Bh5 22. Rac1 Bf8 23. Qc3 Kg7 24. Rfd1 Bd6 0-1

[Event "CYCC U12"]
[Site "Victoria CAN"]
[Date "2005.03.24"]
[Round "2.15"]
[White "Nodin, Carl"]
[Black "Herringer, Moise"]
[Result "0-1"]
[WhiteElo "846"]
[BlackElo "1152"]
[PlyCount "24"]
[GameId "2160767910969103"]
[EventDate "2005.03.24"]
[EventType "swiss"]
[EventRounds "7"]
[EventCountry "CAN"]

1. e3 e5 2. Bc4 d5 3. Bb3 d4 4. exd4 a5 5. d5 Qxd5 6. Qf3 e4 7. Qd1 Qg5 8. f4 c6 9. Kf1 Bh3 10. Kf2 Qxg2+ 11. Ke1 Qxg1+ 12. Ke2 Bg4# 0-1

[Event "CYCC U12"]
[Site "Victoria CAN"]
[Date "2005.03.24"]
[Round "2.16"]
[White "Smorshchok, Daniel"]
[Black "Parker, Dylan"]
[Result "1-0"]
[WhiteElo "1102"]
[BlackElo "765"]
[PlyCount "69"]
[GameId "2160767910969104"]
[EventDate "2005.03.24"]
[EventType "swiss"]
[EventRounds "7"]
[EventCountry "CAN"]

1. e4 e5 2. d4 exd4 3. Qxd4 Nc6 4. Qe3 Nf6 5. Nc3 Bb4 6. Bd2 O-O 7. Bd3 d6 8. O-O-O Bg4 9. Re1 Be6 10. b3 Ba3+ 11. Kb1 Re8 12. Be2 Bd5 13. Qg3 Bxe4 14. Bh6 g6 15. Qf4 Bxg2 16. Bg5 Re6 17. Rd1 Bxh1 18. Bg4 Qe8 19. Bxe6 Qxe6 20. Qxf6 Qxf6 21. Bxf6 Re8 22. Nb5 Bc5 23. Nxc7 Rc8 24. Nb5 Bxf2 25. Nh3 Bf3 26. Rf1 Be2 27. Rxf2 Bxb5 28. c4 Ba6 29. Re2 d5 30. Ng5 dxc4 31. Re3 Na5 32. Nxh7 cxb3 33. axb3 Rc6 34. Re8+ Kxh7 35. Rh8# 1-0

[Event "CYCC U12"]
[Site "Victoria CAN"]
[Date "2005.03.24"]
[Round "2.17"]
[White "Taylor, Patrick"]
[Black "Wasser, Reuben"]
[Result "0-1"]
[WhiteElo "807"]
[BlackElo "1098"]
[PlyCount "28"]
[GameId "2160767910969105"]
[EventDate "2005.03.24"]
[EventType "swiss"]
[EventRounds "7"]
[EventCountry "CAN"]

1. e4 e5 2. Bc4 Nf6 3. Nf3 Nxe4 4. O-O Nc6 5. Nxe5 Nxe5 6. Re1 Qh4 7. d4 Qxf2+ 8. Kh1 Qf5 9. Kg1 Qg6 10. dxe5 Bc5+ 11. Kh1 Nf2+ 12. Kg1 Nxd1+ 13. Kf1 Qxc2 14. Na3 Qf2# 0-1

[Event "CYCC U12"]
[Site "Victoria CAN"]
[Date "2005.03.25"]
[Round "3"]
[White "Patterson, Sean"]
[Black "Nodin, Carl"]
[Result "1-0"]
[WhiteElo "1205"]
[BlackElo "846"]
[PlyCount "89"]
[GameId "2160767910969107"]
[EventDate "2005.03.24"]
[EventType "swiss"]
[EventRounds "7"]
[EventCountry "CAN"]
[SourceTitle "EXT 2006"]
[Source "ChessBase"]
[SourceDate "2005.11.24"]
[SourceVersion "1"]
[SourceVersionDate "2005.11.24"]
[SourceQuality "1"]

1. e4 e5 2. Nf3 f6 3. d4 d6 4. Be3 Nc6 5. Bb5 a6 6. Bxc6+ bxc6 7. O-O exd4 8. Qxd4 c5 9. Qd5 Rb8 10. Rd1 Bb7 11. Qd3 d5 12. exd5 Bxd5 13. Qxd5 Qxd5 14. Rxd5 c6 15. Rd2 g5 16. Re2 g4 17. Bf4+ Ne7 18. Bxb8 gxf3 19. gxf3 Rg8+ 20. Kf1 Kd8 21. Bd6 Rg5 22. f4 Rh5 23. Rd2 Rxh2 24. Bxc5+ Ke8 25. Bxe7 Bxe7 26. f3 Rh1+ 27. Ke2 Rh2+ 28. Kf1 Rh3 29. Ke2 Bb4 30. c3 Rh2+ 31. Ke3 Bc5+ 32. Kd3 Rh3 33. Na3 Rxf3+ 34. Kc4 Rxf4+ 35. Kxc5 Rf5+ 36. Kb6 Rg5 37. Re1+ Kf8 38. Rd8+ Kg7 39. Nc4 Kf7 40. Kxc6 Rf5 41. Nd6+ Kg7 42. Nxf5+ Kg6 43. Rg1+ Kh5 44. Rh1+ Kg6 45. Kb6 1-0

[Event "CYCC U12"]
[Site "Victoria CAN"]
[Date "2005.03.25"]
[Round "3"]
[White "Tom, Foster"]
[Black "Taylor, Patrick"]
[Result "1-0"]
[WhiteElo "988"]
[BlackElo "807"]
[PlyCount "37"]
[GameId "2160767910969109"]
[EventDate "2005.03.24"]
[EventType "swiss"]
[EventRounds "7"]
[EventCountry "CAN"]
[SourceTitle "EXT 2006"]
[Source "ChessBase"]
[SourceDate "2005.11.24"]
[SourceVersion "1"]
[SourceVersionDate "2005.11.24"]
[SourceQuality "1"]

1. d4 d5 2. c4 dxc4 3. e4 g5 4. Bxc4 Nf6 5. Nc3 Nc6 6. Nge2 a6 7. O-O b5 8. Bb3 Rb8 9. d5 Na7 10. Ng3 h6 11. Be3 b4 12. Bxa7 bxc3 13. Bxb8 g4 14. Ba4+ c6 15. dxc6 Qa5 16. c7+ Bd7 17. Bxd7+ Nxd7 18. c8=Q+ Qd8 19. Qcxd7+ 1-0

[Event "CYCC U12"]
[Site "Victoria CAN"]
[Date "2005.03.25"]
[Round "3.1"]
[White "Xiong, Jerry"]
[Black "MacKinnon, Keith"]
[Result "1-0"]
[WhiteElo "1832"]
[BlackElo "1661"]
[PlyCount "75"]
[GameId "2160767910969110"]
[EventDate "2005.03.24"]
[EventType "swiss"]
[EventRounds "7"]
[EventCountry "CAN"]

1. e4 c5 2. Nf3 d6 3. d4 cxd4 4. Nxd4 Nf6 5. Nc3 g6 6. f3 Bg7 7. Be3 O-O 8. Qd2 Nc6 9. O-O-O Bd7 10. g4 Rc8 11. h4 Ne5 12. Be2 Qa5 13. Nb3 Qc7 14. h5 Nc4 15. Bxc4 Qxc4 16. Bh6 Rfd8 17. hxg6 fxg6 18. Bxg7 Kxg7 19. Qh6+ Kg8 20. Rh2 Qf7 21. Nd4 Qg7 22. Qh4 Rc4 23. Nde2 Rf8 24. Ng3 Rf7 25. Rdh1 b5 26. Qg5 Rc5 27. Qe3 Bxg4 28. Qd3 Bd7 29. f4 Ng4 30. Rxh7 Qxh7 31. Rxh7 Rxh7 32. e5 Nf2 33. Qd4 Nh1 34. Nge4 Rc7 35. exd6 exd6 36. Nf6+ Kg7 37. Ne8+ Kg8 38. Nxc7 1-0

[Event "CYCC U12"]
[Site "Victoria CAN"]
[Date "2005.03.25"]
[Round "3.2"]
[White "Raymer, Elliot"]
[Black "Fan, Brendan"]
[Result "0-1"]
[WhiteElo "1481"]
[BlackElo "1789"]
[PlyCount "113"]
[GameId "2160767910969111"]
[EventDate "2005.03.24"]
[EventType "swiss"]
[EventRounds "7"]
[EventCountry "CAN"]

1. e4 e6 2. d4 d5 3. exd5 exd5 4. c4 c6 5. a3 Be6 6. c5 Nd7 7. Nf3 b6 8. b4 a5 9. Bb2 b5 10. Nc3 g6 11. Bd3 Ne7 12. O-O Bh6 13. Qe2 O-O 14. Rad1 Bf5 15. Bc1 Bxc1 16. Rxc1 Bxd3 17. Qxd3 Nf5 18. Ne2 Nh4 19. Ng3 Qf6 20. Nxh4 Qxh4 21. Rfe1 axb4 22. axb4 Ra4 23. Qc3 Rfa8 24. Ra1 Rxa1 25. Rxa1 Rxa1+ 26. Qxa1 Kg7 27. h3 Qf4 28. Qc3 Nb8 29. Kf1 h5 30. Ne2 Qe4 31. g3 Na6 32. f3 Qb1+ 33. Kf2 Nxb4 34. Qe3 Qf5 35. g4 hxg4 36. hxg4 Qf6 37. g5 Qf5 38. Ng3 Qc8 39. Qe5+ Kg8 40. Qf6 Qe6 41. Qxe6 fxe6 42. Ne2 e5 43. Ke3 Nc2+ 44. Kd3 Nxd4 45. Nxd4 exd4 46. Kxd4 Kf7 47. Ke5 Ke7 48. f4 b4 49. f5 gxf5 50. Kxf5 b3 51. g6 b2 52. Kg5 b1=Q 53. Kh6 d4 54. g7 Qh1+ 55. Kg6 Qg1+ 56. Kh7 Qxg7+ 57. Kxg7 0-1

[Event "CYCC U12"]
[Site "Victoria CAN"]
[Date "2005.03.25"]
[Round "3.3"]
[White "Breel, Kevin"]
[Black "Wild, Joshua"]
[Result "0-1"]
[WhiteElo "1374"]
[BlackElo "1411"]
[PlyCount "69"]
[GameId "2160767910969112"]
[EventDate "2005.03.24"]
[EventType "swiss"]
[EventRounds "7"]
[EventCountry "CAN"]

1. d4 d5 2. c4 e5 3. dxe5 d4 4. Nf3 Nc6 5. a3 Bf5 6. Nbd2 d3 7. e4 Bg4 8. Qb3 Na5 9. Qa4+ Nc6 10. b4 Qd7 11. Bb2 f6 12. exf6 Nxf6 13. Bxf6 gxf6 14. g3 Bh6 15. Qd1 Bxd2+ 16. Kxd2 Nd4 17. Bg2 O-O-O 18. h3 Nxf3+ 19. Bxf3 Bxf3 20. Qxf3 Qd4 21. Rhc1 Qb2+ 22. Ke3 Qb3 23. Kd2 Qb2+ 24. Kd1 d2 25. Rcb1 Qd4 26. c5 Qc4 27. Qe2 Qc3 28. Qg4+ Kb8 29. Qe2 Rhg8 30. Qh5 Rg5 31. Qe2 Rd4 32. h4 Re5 33. f3 Rc4 34. Qf1 Qc2+ 35. Ke2 0-1

[Event "CYCC U12"]
[Site "Victoria CAN"]
[Date "2005.03.25"]
[Round "3.3"]
[White "Yam, Richard"]
[Black "Zhang, Brent"]
[Result "1/2-1/2"]
[WhiteElo "1718"]
[BlackElo "1558"]
[PlyCount "64"]
[GameId "2160767910969113"]
[EventDate "2005.03.24"]
[EventType "swiss"]
[EventRounds "7"]
[EventCountry "CAN"]

1. d4 Nf6 2. Nf3 g6 3. Bg5 Ne4 4. Bf4 Bg7 5. c3 d5 6. Nbd2 Bf5 7. Nxe4 Bxe4 8. Qb3 b6 9. Qa4+ Nd7 10. Ne5 Bxe5 11. Bxe5 f6 12. Bf4 g5 13. Bg3 c5 14. e3 h5 15. h4 g4 16. Bb5 a5 17. O-O Ra7 18. dxc5 bxc5 19. b4 c4 20. bxa5 Kf7 21. Bxd7 Qxd7 22. Qxd7 Rxd7 23. a4 Ra8 24. f3 gxf3 25. gxf3 Bd3 26. Rf2 Rb7 27. Rfa2 Rxa5 28. Be1 e5 29. Bd2 Rb3 30. Bc1 Bb1 31. Rg2 Bd3 32. Rga2 d4 1/2-1/2

[Event "CYCC U12"]
[Site "Victoria CAN"]
[Date "2005.03.25"]
[Round "3.5"]
[White "Szalay, Karoly"]
[Black "Mai, Lloyd"]
[Result "0-1"]
[WhiteElo "1795"]
[BlackElo "1955"]
[PlyCount "82"]
[GameId "2160767910969114"]
[EventDate "2005.03.24"]
[EventType "swiss"]
[EventRounds "7"]
[EventCountry "CAN"]

1. e4 c5 2. Nf3 d6 3. d4 cxd4 4. Nxd4 Nf6 5. Nc3 g6 6. Be3 Bg7 7. f3 O-O 8. Qd2 Nc6 9. Bc4 Bd7 10. O-O-O Rc8 11. Bb3 Ne5 12. h4 Nc4 13. Bxc4 Rxc4 14. g4 a6 15. h5 b5 16. hxg6 fxg6 17. Bh6 b4 18. Nce2 Qa5 19. Kb1 Qb6 20. Bxg7 Kxg7 21. Nf4 Rfc8 22. Nd5 Nxd5 23. Qh6+ Kf6 24. g5+ Ke5 25. Ne2 Bb5 26. Rxd5+ Ke6 27. Qh3+ Kf7 28. Qxh7+ Ke8 29. Qxg6+ Kd7 30. Qf5+ Kc7 31. g6 Kb7 32. g7 Rxc2 33. Nd4 Qc7 34. Qg5 Rxb2+ 35. Ka1 Rxa2+ 36. Kxa2 Qa5+ 37. Kb1 Bd3+ 38. Nc2 Bxc2+ 39. Kc1 Bxe4+ 40. Kd2 Qxd5+ 41. Qxd5+ Bxd5 0-1

[Event "CYCC U12"]
[Site "Victoria CAN"]
[Date "2005.03.25"]
[Round "3.6"]
[White "Herringer, Moise"]
[Black "Jiang, Louie"]
[Result "0-1"]
[WhiteElo "1152"]
[BlackElo "1731"]
[PlyCount "76"]
[GameId "2160767910969115"]
[EventDate "2005.03.24"]
[EventType "swiss"]
[EventRounds "7"]
[EventCountry "CAN"]

1. Nc3 d5 2. d4 e6 3. a3 Nf6 4. Nf3 Nbd7 5. Bf4 Be7 6. Nb5 Bd6 7. Bxd6 cxd6 8. Nxd6+ Ke7 9. Nxc8+ Rxc8 10. e3 Re8 11. Qd2 Qb6 12. b3 a6 13. a4 Kf8 14. a5 Qd6 15. c4 Ne4 16. Qb2 Qb4+ 17. Nd2 dxc4 18. Ra4 Qxd2+ 19. Qxd2 Nxd2 20. Kxd2 cxb3 21. Bd3 e5 22. Rb1 e4 23. Be2 Rc2+ 24. Ke1 Rec8 25. Rb4 Ra2 26. Rxb7 Rcc2 27. Bxa6 Rxa5 28. Bb5 Nf6 29. d5 Nxd5 30. Rd1 b2 31. Rb8+ Ke7 32. Re8+ Kf6 33. Bd7 Rc1 34. Rb8 Raa1 35. Ba4 Nc3 36. Rb6+ Kg5 37. Rc6 Rxd1+ 38. Bxd1 Rxd1# 0-1

[Event "CYCC U12"]
[Site "Victoria CAN"]
[Date "2005.03.25"]
[Round "3.7"]
[White "Lacouvee, Connor"]
[Black "Huang, Richard"]
[Result "0-1"]
[WhiteElo "1172"]
[BlackElo "1477"]
[PlyCount "49"]
[GameId "2160767910969116"]
[EventDate "2005.03.24"]
[EventType "swiss"]
[EventRounds "7"]
[EventCountry "CAN"]

1. c4 Nf6 2. d4 d5 3. Nc3 c6 4. cxd5 cxd5 5. Nf3 Nc6 6. e3 e6 7. Bb5 Bd7 8. O-O Bd6 9. a3 Rc8 10. Qe2 a6 11. Bxc6 Bxc6 12. b4 Ne4 13. Nxe4 dxe4 14. Nd2 Bb5 15. Qg4 Bxf1 16. Qxg7 Rf8 17. Kxf1 Qh4 18. h3 Kd7 19. Bb2 Rg8 20. Qxg8 Rxg8 21. Nc4 Qg5 22. g3 Qb5 23. Kg2 Qxc4 24. Rc1 Qb3 25. Bc3 0-1

[Event "CYCC U12"]
[Site "Victoria CAN"]
[Date "2005.03.25"]
[Round "3.8"]
[White "Milner, Aviv"]
[Black "Chow, Thomas"]
[Result "1-0"]
[WhiteElo "1444"]
[BlackElo "1288"]
[PlyCount "49"]
[GameId "2160767910969117"]
[EventDate "2005.03.24"]
[EventType "swiss"]
[EventRounds "7"]
[EventCountry "CAN"]

1. e4 c5 2. Nf3 Nc6 3. d4 cxd4 4. Nxd4 Nf6 5. Nc3 e5 6. Ndb5 d6 7. Bg5 a6 8. Bxf6 gxf6 9. Na3 f5 10. Bc4 b5 11. Bd5 Qc7 12. Nab1 Ra7 13. Nd2 Bh6 14. O-O Rg8 15. Nb3 f4 16. Kh1 Ne7 17. a3 Ng6 18. Nd2 Qb6 19. Qh5 Bf8 20. Qxh7 Rh8 21. Bxf7+ Rxf7 22. Qxg6 Rh6 23. Qg5 Rfh7 24. Nf3 Rh5 25. Nd5 1-0